[Event "Camp. francese a squadre - Top 16 GpB"]
[Site "Chalons en Champagne FRA"]
[Date "2007.02.10"]
[Round "2"]
[White "Bacrot, E."]
[Black "Hamdouchi, H."]
[Result "1-0"]
[WhiteElo "2705"]
[BlackElo "2602"]
[PlyCount "169"]
[EventDate "2007.02.09"]
[Source "www.chesslib.no"]
[SourceDate "2004.05.04"]

1. d4 d5 2. Nf3 Nf6 3. c4 c6 4. e3 e6 5. Bd3 dxc4 6. Bxc4 Nbd7 7. Nc3 Bd6 8. e4 b5 9. Bb3 b4 10. Ne2 Nxe4 11. Qc2 Ndf6 12. Ng5 Nxg5 13. Qxc6+ Bd7 14. Qxd6 Nge4 15. Qxb4 a5 16. Qa3 a4 17. Bc2 Qa5+ 18. Nc3 Nxc3 19. bxc3 Rc8 20. Bd2 Qa6 21. Rb1 Nd5 22. h4 f6 23. Rh3 Kf7 24. Bd3 Qc6 25. Rg3 e5 26. dxe5 Rhe8 27. Kf1 Rxe5 28. Bxh7 Bf5 29. Bxf5 Rxf5 30. Kg1 Re8 31. c4 Qxc4 32. Qd3 Re4 33. Rb7+ Ke6 34. Rbxg7 Qxd3 35. Rxd3 Rxh4 36. g4 Re5 37. Rd4 Rh3 38. Ra7 Ra3 39. Ra6+ Kf7 40. Raxa4 Rxa4 41. Rxa4 Ne7 42. Rd4 Nc6 43. Rc4 Re2 44. Bf4 Ne7 45. a4 Nd5 46. Kg2 Ra2 47. Kf3 Kg6 48. Bd6 f5 49. Bc5 Ra1 50. Rd4 fxg4+ 51. Kxg4 Nc3 52. Rc4 Nxa4 53. Bd4 Ra2 54. f4 Rg2+ 55. Kf3 Ra2 56. Rc6+ Kf7 57. Ke4 Re2+ 58. Kd3 Rh2 59. Rc2 Rh3+ 60. Ke4 Rb3 61. Rc7+ Ke8 62. f5 Nb6 63. f6 Nd7 64. f7+ Kxf7 65. Rxd7+ Ke6 66. Ra7 Rb5 67. Ra6+ Kd7 68. Be5 Rb4+ 69. Kf5 Rb7 70. Rd6+ Kc8 71. Ke6 Rh7 72. Rd2 Kb7 73. Kd5 Rh5 74. Rb2+ Ka6 75. Rb8 Ka7 76. Re8 Kb6 77. Rf8 Kb7 78. Kd6 Rh6+ 79. Kc5 Rh5 80. Re8 Rg5 81. Kb5 Rh5 82. Re7+ Ka8 83. Kc6 Rh6+ 84. Bd6 Rg6 85. Re2 1-0

[Event "Torshavn sim"]
[Site "Torshavn"]
[Date "2001.06.10"]
[Round "1"]
[White "Nilssen, John Arni"]
[Black "Kasparov, Garry"]
[Result "1/2-1/2"]
[WhiteElo "2345"]
[BlackElo "2827"]
[PlyCount "52"]
[EventDate "2001.06.05"]
[Source "ChessBase"]
[SourceDate "2001.07.03"]

1. d4 d5 2. c4 c6 3. Nc3 Nf6 4. e3 e6 5. Nf3 dxc4 6. Be2 b5 7. Bxc4 Nbd7 8. Be2 b4 9. Na4 Bb7 10. Bd2 a5 11. a3 Be7 12. Qb3 Ne4 13. axb4 Nxd2 14. Nxd2 Bxb4 15. O-O c5 16. dxc5 O-O 17. Rfd1 Qg5 18. Nf3 Nxc5 19. Qc2 Qe7 20. Nxc5 Rac8 21. Rac1 Rxc5 22. Qa4 Rfc8 23. Rxc5 Rxc5 24. Nd4 g6 25. Bg4 Bc6 26. Bf3 Bxf3 1/2-1/2

[Event "Europa ch 2008"]
[Site "Plovdiv BUL"]
[Date "2008.04.23"]
[Round "3.46"]
[White "Blagojevic, Dragisa"]
[Black "Petrosian, Tigran"]
[Result "1/2-1/2"]
[WhiteElo "2532"]
[BlackElo "2615"]
[PlyCount "126"]
[EventDate "2008.04.21"]
[Source "www.chesslib.no"]
[SourceDate "2004.05.04"]

1. d4 d5 2. c4 c6 3. Nc3 Nf6 4. e3 e6 5. Nf3 Nbd7 6. Bd3 dxc4 7. Bxc4 Bd6 8. e4 b5 9. Be2 e5 10. dxe5 Nxe5 11. Nxe5 Bxe5 12. Qxd8+ Kxd8 13. f3 Kc7 14. Be3 Rd8 15. O-O Be6 16. Rfc1 Kb7 17. Rc2 a6 18. Nd1 Bd4 19. Kf2 Rac8 20. Bxd4 Rxd4 21. b3 c5 22. Nb2 Nd7 23. Rac1 f5 24. Bd3 Ne5 25. Rd1 c4 26. bxc4 bxc4 27. Be2 Rxd1 28. Nxd1 f4 29. Ke1 Kc6 30. Rb2 Bd7 31. Nc3 Kc5 32. Rb7 g5 33. Kd2 h5 34. h3 Rd8 35. Kc2 Rg8 36. Kd2 g4 37. hxg4 hxg4 38. fxg4 Bxg4 39. Bf1 Bd7 40. Ne2 Rd8 41. Kc3 Bc6 42. Nxf4 Rd1 43. Be2 Rc1+ 44. Kd2 Ra1 45. Rb2 Bxe4 46. Ne6+ Kd6 47. Rb6+ Bc6 48. Bf3 Rxa2+ 49. Kc3 Ra3+ 50. Kb2 Re3 51. Bxc6 Kxe6 52. Bb7+ Kf5 53. Bxa6 Ke4 54. Rd6 Rb3+ 55. Kc2 Ra3 56. Bb7+ Ke3 57. Re6 Kf4 58. Rf6+ Kg5 59. Ra6 Rd3 60. Re6 Ng4 61. Ba6 Ne3+ 62. Rxe3 Rxe3 63. Bxc4 Kf4 1/2-1/2

[Event "FRA Ch Top 16 Poule Haute"]
[Site "?"]
[Date "2005.05.07"]
[Round "11"]
[White "Gozzoli Yannick"]
[Black "Fressinet Laurent"]
[Result "1/2-1/2"]
[WhiteElo "2433"]
[BlackElo "2638"]
[PlyCount "81"]
[EventDate "2005.??.??"]
[Source "www.chesslib.no"]
[SourceDate "2004.05.04"]

1. d4 d5 2. c4 c6 3. Nc3 Nf6 4. e3 e6 5. Nf3 Nbd7 6. Bd3 dxc4 7. Bxc4 a6 8. e4 c5 9. e5 Ng4 10. Ng5 cxd4 11. Nxf7 Kxf7 12. Qxg4 Nxe5 13. Qh5+ Ng6 14. Ne4 Bb4+ 15. Bd2 Bxd2+ 16. Kxd2 Qh4 17. Qf5+ Ke8 18. Bxe6 Rf8 19. Nd6+ Kd8 20. Nf7+ Ke7 21. Rhe1 Qf4+ 22. Qxf4 Nxf4 23. Bb3+ Kf6 24. g3 Ng6 25. Nd6 Ne5 26. Re4 Bg4 27. Rf4+ Ke7 28. Re1 Rxf4 29. gxf4 Kxd6 30. fxe5+ Kc5 31. Rc1+ Kb6 32. Rg1 h5 33. Bf7 Kc6 34. h3 Bxh3 35. Rg6+ Kc5 36. Rxg7 Rf8 37. f4 h4 38. e6 Kd6 39. Rh7 Bxe6 40. Bxe6 Kxe6 41. Rxh4 1/2-1/2

[Event "Forli Open"]
[Site "Forli"]
[Date "1993.??.??"]
[Round "5"]
[White "Cvitan, Ognjen"]
[Black "Efimov, Igor"]
[Result "1-0"]
[WhiteElo "2575"]
[BlackElo "2490"]
[PlyCount "65"]
[EventDate "1993.10.??"]
[Source "www.chesslib.no"]
[SourceDate "2004.05.04"]

1. d4 e6 2. c4 d5 3. Nf3 c6 4. e3 Nd7 5. Nc3 Ngf6 6. Bd3 dxc4 7. Bxc4 a6 8. a4 c5 9. O-O Qc7 10. Qe2 Bd6 11. Rd1 O-O 12. h3 b6 13. b3 Bb7 14. Bb2 Rfd8 15. d5 e5 16. Ng5 Nf8 17. Nce4 Nxe4 18. Nxe4 Ng6 19. Rd2 Qe7 20. Qh5 Re8 21. Rad1 Rad8 22. g3 Bc8 23. h4 Nf8 24. Bc3 h6 25. Qe2 f5 26. Nxd6 Qxd6 27. Bxa6 Bxa6 28. Qxa6 f4 29. exf4 exf4 30. Rd3 Nd7 31. Qb7 Rc8 32. Re1 c4 33. Qxc8 1-0

[Event "Budapest Honved"]
[Site "Budapest"]
[Date "1994.??.??"]
[Round "9"]
[White "Horvath, Csaba"]
[Black "Slobodjan, Roman"]
[Result "1/2-1/2"]
[WhiteElo "2540"]
[BlackElo "2490"]
[PlyCount "27"]
[EventDate "1994.??.??"]
[Source "ChessBase"]

1. d4 d5 2. c4 c6 3. Nc3 e6 4. e3 Nd7 5. Bd3 Ngf6 6. Nf3 dxc4 7. Bxc4 b5 8. Bd3 Bb7 9. a3 a6 10. b4 a5 11. Rb1 axb4 12. axb4 Nd5 13. Nxd5 exd5 14. O-O 1/2-1/2

[Event "ch-ISL"]
[Site "Reykjavik ISL"]
[Date "2007.08.07"]
[Round "10"]
[White "Stefansson, H."]
[Black "Thorhallsson, T."]
[Result "1-0"]
[WhiteElo "2568"]
[BlackElo "2461"]
[PlyCount "67"]
[EventDate "2007.08.28"]
[Source "www.chesslib.no"]
[SourceDate "2004.05.04"]

1. d4 d5 2. c4 c6 3. Nc3 Nf6 4. Nf3 e6 5. e3 Nbd7 6. Bd3 dxc4 7. Bxc4 Bd6 8. a4 O-O 9. O-O a5 10. e4 e5 11. h3 exd4 12. Nxd4 Ne5 13. Ba2 Bc5 14. Be3 Qb6 15. Qb3 Qa7 16. Nce2 Bd7 17. Qc2 Bb6 18. Rad1 c5 19. Nf5 Bxf5 20. exf5 c4 21. Nd4 Nd5 22. Qe4 Nxe3 23. fxe3 Bxd4 24. exd4 f6 25. Kh1 Nc6 26. Bxc4+ Kh8 27. Rf4 Rad8 28. Be6 Ne5 29. Rc1 Nf7 30. Rc7 Nd6 31. Qf3 Ne8 32. Rh4 h6 33. Rxh6+ gxh6 34. Qh5 1-0

[Event "JUG Team Ch"]
[Site "Nis YUG"]
[Date "1995.??.??"]
[Round "?"]
[White "Ilincic, Zlatko"]
[Black "Zontakh, Andrey"]
[Result "0-1"]
[WhiteElo "2565"]
[BlackElo "2460"]
[PlyCount "82"]
[EventDate "1995.??.??"]
[Source "www.chesslib.no"]
[SourceDate "2004.05.04"]

1. d4 d5 2. c4 c6 3. Nf3 Nf6 4. Nc3 e6 5. e3 Nbd7 6. Bd3 dxc4 7. Bxc4 a6 8. e4 c5 9. e5 Ng4 10. Be3 cxd4 11. Bxd4 Qc7 12. Qe2 Bc5 13. Bxc5 Qxc5 14. O-O Ngxe5 15. Ne4 Qe7 16. Bb3 Nxf3+ 17. Qxf3 O-O 18. Rac1 Ne5 19. Qg3 Nc6 20. Rfd1 e5 21. Bd5 Nb4 22. Bb3 Bf5 23. Ng5 Nc6 24. Re1 Kh8 25. f4 f6 26. Nf3 Rae8 27. Nh4 Nd4 28. fxe5 fxe5 29. Bd5 Qd6 30. Nxf5 Nxf5 31. Qb3 e4 32. Qxb7 e3 33. Qc6 Qe5 34. Bc4 Qxb2 35. Qxa6 Qf2+ 36. Kh1 Rf6 37. Qxf6 gxf6 38. Rf1 Qd2 39. Rcd1 Qc3 40. Rc1 Qe5 41. Bd3 Nd4 0-1

[Event "RUS-Cup2"]
[Site "Moscow"]
[Date "1996.??.??"]
[Round "9"]
[White "Aleksandrov, Aleksej"]
[Black "Dragomarezkij, Evgeni"]
[Result "1-0"]
[WhiteElo "2550"]
[BlackElo "2465"]
[PlyCount "67"]
[EventDate "1996.11.28"]
[Source "www.chesslib.no"]
[SourceDate "2004.05.04"]

1. d4 d5 2. c4 c6 3. Nc3 Nf6 4. e3 e6 5. Nf3 Nbd7 6. Bd3 dxc4 7. Bxc4 c5 8. O-O cxd4 9. exd4 Be7 10. Re1 O-O 11. Bb3 Nb6 12. Ne5 Bd7 13. Qf3 Qb8 14. Qg3 Re8 15. Bh6 Bf8 16. Bg5 Be7 17. Re3 Nfd5 18. Rf3 Bxg5 19. Qxg5 f6 20. Qh5 Re7 21. Rh3 h6 22. Ng6 Rf7 23. Re1 Qc7 24. Bxd5 Nxd5 25. Nxd5 exd5 26. Rhe3 Bc6 27. Ne7+ Kf8 28. Ng6+ Kg8 29. h4 Rd8 30. Ne7+ Kf8 31. Ng6+ Kg8 32. Ne7+ Kf8 33. Qg6 Re8 34. Nf5 1-0

[Event "Ducale Open 10th"]
[Site "?"]
[Date "2002.11.27"]
[Round "4"]
[White "Georgiev Vladimir"]
[Black "Maksimenko Andrei"]
[Result "1/2-1/2"]
[WhiteElo "2501"]
[BlackElo "2507"]
[PlyCount "25"]
[EventDate "2002.??.??"]
[Source "www.chesslib.no"]
[SourceDate "2004.05.04"]

1. c4 e6 2. Nc3 d5 3. d4 c6 4. e3 Nd7 5. Nf3 Ngf6 6. Bd3 dxc4 7. Bxc4 b5 8. Be2 Bb7 9. O-O a6 10. e4 c5 11. e5 Nd5 12. a4 b4 13. Ne4 1/2-1/2

[Event "Chania op"]
[Site "Chania"]
[Date "2000.08.09"]
[Round "8"]
[White "Vakhidov, Tahir"]
[Black "Ivanisevic, Ivan"]
[Result "1/2-1/2"]
[WhiteElo "2458"]
[BlackElo "2530"]
[PlyCount "86"]
[EventDate "2000.08.03"]
[Source "www.chesslib.no"]
[SourceDate "2004.05.04"]

1. c4 e6 2. Nc3 d5 3. d4 c6 4. e3 Nf6 5. Nf3 Nbd7 6. Bd3 dxc4 7. Bxc4 a6 8. O-O b5 9. Be2 c5 10. dxc5 Bxc5 11. a3 Qc7 12. Bd2 Bd6 13. Rc1 Qb8 14. Na2 Nd5 15. Nb4 Bb7 16. Nxd5 Bxd5 17. Bb4 Bxb4 18. axb4 Nf6 19. Qd4 O-O 20. Ne5 Rd8 21. Rfd1 Ne4 22. f3 f6 23. Nc6 Bxc6 24. Qxd8+ Qxd8 25. Rxd8+ Rxd8 26. Rxc6 Nd6 27. Rxa6 Kf7 28. Rb6 Nc4 29. Bxc4 bxc4 30. Rb7+ Kg6 31. Rc7 Rd2 32. Rxc4 Rxb2 33. h4 h5 34. Kh2 e5 35. Kg3 Rb3 36. e4 Rb2 37. Kh3 Rb3 38. Kh2 Rb2 39. Kg3 Rb1 40. Kf2 Rb2+ 41. Kf1 Rb1+ 42. Kf2 Rb2+ 43. Kg3 Rb1 1/2-1/2

[Event "HUN-chT 0102"]
[Site "?"]
[Date "2002.01.13"]
[Round "5"]
[White "Pinter Jozsef"]
[Black "Jakab Attila"]
[Result "1/2-1/2"]
[WhiteElo "2550"]
[BlackElo "2415"]
[PlyCount "108"]
[EventDate "2002.??.??"]
[Source "www.chesslib.no"]
[SourceDate "2004.05.04"]

1. d4 Nf6 2. c4 e6 3. Nf3 d5 4. Nc3 c6 5. e3 Nbd7 6. Bd3 dxc4 7. Bxc4 Bd6 8. O-O O-O 9. a3 b5 10. Bd3 a6 11. Qc2 Bb7 12. b4 a5 13. Rb1 axb4 14. axb4 h6 15. Rb3 Qe7 16. Qb1 Nd5 17. Bd2 Rfe8 18. Ne4 Bc7 19. Ng3 e5 20. dxe5 Nxe5 21. Nxe5 Qxe5 22. f4 Qf6 23. Kh1 Bc8 24. e4 Nb6 25. e5 Qe7 26. Rc3 Nc4 27. Bxc4 bxc4 28. Be3 Be6 29. Bc5 Qd8 30. Ne4 Kh8 31. Rg3 Qh4 32. Qb2 Rad8 33. Bd6 Bb6 34. Nc5 Bd5 35. e6 f6 36. Bf8 Rxf8 37. e7 Rfe8 38. exd8=Q Bxd8 39. Qf2 Qh5 40. Re3 Bc7 41. Kg1 c3 42. Rxe8+ Qxe8 43. g3 Bb6 44. Re1 Qg6 45. Qe2 Qf5 46. Rc1 h5 47. Qc2 Qe6 48. Qd3 c2 49. h4 Qh3 50. Rxc2 Qh1+ 51. Kf2 Be4 52. Qe2 Bxc2 53. Qxh5+ Kg8 54. Qe8+ Kh7 1/2-1/2

[Event "Minsk"]
[Site "Minsk"]
[Date "1994.??.??"]
[Round "10"]
[White "Aleksandrov, Aleksej"]
[Black "Pedersen, Steffen"]
[Result "1-0"]
[WhiteElo "2535"]
[BlackElo "2420"]
[PlyCount "71"]
[EventDate "1994.02.??"]
[Source "ChessBase"]

1. d4 d5 2. c4 e6 3. Nc3 c6 4. e3 Nd7 5. Nf3 Ngf6 6. Bd3 dxc4 7. Bxc4 b5 8. Be2 b4 9. Na4 Bb7 10. O-O Be7 11. a3 a5 12. Qc2 O-O 13. Rd1 c5 14. Nxc5 Nxc5 15. dxc5 Qc7 16. axb4 axb4 17. Bd2 Qxc5 18. Qxc5 Bxc5 19. Ne5 Be7 20. f3 Rxa1 21. Rxa1 Rd8 22. Nd3 b3 23. Ra7 Rd7 24. Kf2 Nd5 25. Ra5 Nc7 26. Ke1 Rd8 27. e4 Ba6 28. Nc5 Bxe2 29. Kxe2 Bf6 30. Nd3 Bd4 31. Ra3 Rb8 32. Bf4 e5 33. Bxe5 Bxe5 34. Nxe5 Nb5 35. Ra5 f6 36. Nd7 1-0

[Event "Petrosian Memorial"]
[Site "Erevan ARM"]
[Date "1994.??.??"]
[Round "?"]
[White "Anastasian, Ashot"]
[Black "Mnatsakanian, Eduard A"]
[Result "1-0"]
[WhiteElo "2545"]
[BlackElo "2390"]
[PlyCount "106"]
[EventDate "1994.??.??"]
[Source "www.chesslib.no"]
[SourceDate "2004.05.04"]

1. d4 d5 2. c4 c6 3. Nc3 Nf6 4. Nf3 e6 5. e3 Nbd7 6. Be2 dxc4 7. Bxc4 b5 8. Be2 Bb7 9. O-O a6 10. b3 c5 11. Bb2 Be7 12. a4 b4 13. Nb1 O-O 14. Nbd2 cxd4 15. Nxd4 Nc5 16. Bf3 Bd5 17. Bxd5 Qxd5 18. Nc4 Rab8 19. Na5 Rbc8 20. Ndc6 Bd8 21. Bxf6 Qxd1 22. Rfxd1 Bxf6 23. Rac1 Ne4 24. Rc4 Nc3 25. Rd7 Nd5 26. Ra7 Ra8 27. Rxa8 Rxa8 28. e4 Nb6 29. Rxb4 Nd7 30. Rc4 g5 31. g3 g4 32. e5 Nxe5 33. Nxe5 Bxe5 34. Rxg4+ Kf8 35. Nc6 Bc7 36. Rh4 Kg7 37. b4 Rc8 38. Rc4 Bd6 39. Kg2 h5 40. b5 axb5 41. axb5 Ra8 42. b6 Ra6 43. b7 Rb6 44. Rd4 Bxg3 45. hxg3 Rxb7 46. Ne5 Rb5 47. f4 Rb7 48. Kh3 Kh6 49. Rd7 Rxd7 50. Nxd7 Kg6 51. Ne5+ Kg7 52. Kh4 f6 53. Nd7 Kg6 1-0

[Event "Anapa"]
[Site "Anapa"]
[Date "1991.??.??"]
[Round "?"]
[White "Chatalbashev, Boris"]
[Black "Sveshnikov, Evgeny E"]
[Result "0-1"]
[WhiteElo "2390"]
[BlackElo "2540"]
[PlyCount "72"]
[EventDate "1991.??.??"]
[Source "www.chesslib.no"]
[SourceDate "2004.05.04"]

1. d4 d5 2. c4 e6 3. Nc3 c6 4. Nf3 Nd7 5. e3 Ngf6 6. Bd3 dxc4 7. Bxc4 b5 8. Be2 Bb7 9. e4 b4 10. e5 bxc3 11. exf6 cxb2 12. fxg7 bxa1=Q 13. gxh8=Q Qa5+ 14. Nd2 c5 15. O-O Qxd4 16. Nb3 Qxh8 17. Nxa5 Bd5 18. Qc2 Qe5 19. Bd3 Bg7 20. Nc4 Qc3 21. Qe2 Ne5 22. Nxe5 Qxe5 23. Be3 Rc8 24. Ba6 Rc7 25. Qb5+ Ke7 26. Bxc5+ Kf6 27. Qb4 Qg5 28. f3 Kg6 29. Bd3+ f5 30. a3 Be5 31. Bd4 a5 32. Qb6 Rb7 33. Qc5 Qe7 34. Bf2 Qxc5 35. Bxc5 Rc7 36. Rc1 Rxc5 0-1

[Event "Jyvaskyla op"]
[Site "Jyvaskyla"]
[Date "1999.??.??"]
[Round "?"]
[White "Martynov, Pavel"]
[Black "Bagirov, Vladimir"]
[Result "0-1"]
[WhiteElo "2455"]
[BlackElo "2471"]
[PlyCount "76"]
[EventDate "1999.??.??"]
[Source "www.chesslib.no"]
[SourceDate "2004.05.04"]

1. d4 d5 2. Nf3 c6 3. c4 e6 4. e3 Nd7 5. Nc3 Ngf6 6. Be2 dxc4 7. Bxc4 b5 8. Be2 Bb7 9. O-O a6 10. b3 c5 11. Bb2 Be7 12. Rc1 O-O 13. a4 b4 14. Nb1 Rc8 15. Nbd2 Rc7 16. Ne5 cxd4 17. exd4 Nb6 18. Bf3 Rxc1 19. Qxc1 Bxf3 20. Ndxf3 Qd5 21. Nd2 Rc8 22. Ndc4 Nxc4 23. bxc4 Qb7 24. h3 Nd7 25. Qc2 Nxe5 26. dxe5 Qc6 27. Rc1 Bg5 28. Rd1 Qxc4 29. Qxc4 Rxc4 30. Rd6 a5 31. f4 Be7 32. Ra6 g5 33. fxg5 Rc2 34. Bd4 b3 35. Rb6 Bb4 36. h4 b2 37. Bxb2 Rxb2 38. Kh2 Kg7 0-1

[Event "CZE Team Ch 9697"]
[Site "Czech Republic"]
[Date "1997.??.??"]
[Round "8"]
[White "Voloshin, Leonid"]
[Black "Pcola, Pavol"]
[Result "1-0"]
[WhiteElo "2430"]
[BlackElo "2470"]
[PlyCount "63"]
[EventDate "1996.??.??"]
[Source "www.chesslib.no"]
[SourceDate "2004.05.04"]

1. c4 c6 2. d4 d5 3. Nc3 Nf6 4. e3 e6 5. Nf3 Nbd7 6. Be2 dxc4 7. Bxc4 b5 8. Be2 Bb7 9. O-O a6 10. e4 c5 11. d5 exd5 12. e5 Ng4 13. e6 fxe6 14. Ng5 Ngf6 15. Bf3 Qb6 16. Re1 O-O-O 17. Rxe6 Qc7 18. Nf7 Nb6 19. Nxh8 d4 20. Nf7 Qxf7 21. Rxb6 dxc3 22. Bxb7+ Kc7 23. Bf4+ Kxb6 24. Qxd8+ Kxb7 25. Qb8+ Kc6 26. Qc8+ Kb6 27. bxc3 Nd5 28. Be5 Qe7 29. Qb8+ Ka5 30. Rd1 Qe6 31. Qxf8 Qxe5 32. Qxc5 1-0

[Event "Vienna op"]
[Site "Vienna"]
[Date "1996.??.??"]
[Round "6"]
[White "Miniboeck, Guenter"]
[Black "Sveshnikov, Evgeny"]
[Result "0-1"]
[WhiteElo "2355"]
[BlackElo "2535"]
[PlyCount "102"]
[EventDate "1996.08.??"]
[Source "ChessBase"]

1. d4 d5 2. c4 e6 3. Nc3 c6 4. e3 Nd7 5. Nf3 Ngf6 6. Bd3 dxc4 7. Bxc4 b5 8. Be2 Bb7 9. O-O a6 10. e4 c5 11. e5 Nd5 12. a4 b4 13. Ne4 Qc7 14. a5 h6 15. Re1 Be7 16. dxc5 O-O 17. Nd6 Nxc5 18. Nxb7 Nxb7 19. Qd4 Rfd8 20. Qg4 Kh8 21. Bd2 Nxa5 22. Qe4 Nb3 23. Bd3 f5 24. exf6 Nxf6 25. Qg6 Rxd3 26. Qxd3 Nxa1 27. Rxa1 a5 28. Qg6 Bf8 29. Re1 a4 30. Ne5 Kg8 31. Ng4 Nxg4 32. Qxe6+ Qf7 33. Qxg4 Bc5 34. Qe2 Qd5 35. g3 a3 36. bxa3 bxa3 37. Bc3 Rf8 38. Rf1 Kh8 39. Qg4 Rf7 40. Ba1 Kh7 41. Qe2 h5 42. h4 a2 43. Kh2 Qf3 44. Qxf3 Rxf3 45. Kg2 Rf7 46. Bc3 Kg6 47. f3 Re7 48. Kh3 Re3 49. Ba1 Rb3 50. Kg2 Rb1 51. g4 Be7 0-1

[Event "Austria"]
[Site "?"]
[Date "2000.??.??"]
[Round "5"]
[White "Weiss Christian"]
[Black "Haba Petr"]
[Result "1/2-1/2"]
[WhiteElo "2385"]
[BlackElo "2495"]
[PlyCount "70"]
[EventDate "2000.??.??"]
[Source "www.chesslib.no"]
[SourceDate "2004.05.04"]

1. c4 c6 2. Nf3 d5 3. e3 Nf6 4. Nc3 e6 5. Be2 Nbd7 6. d4 dxc4 7. Bxc4 b5 8. Bb3 b4 9. Ne2 Ba6 10. O-O c5 11. Re1 Be7 12. Nf4 O-O 13. e4 Nb6 14. e5 Nfd5 15. Nxd5 Nxd5 16. dxc5 Bb7 17. Qd4 Rc8 18. Qg4 Kh8 19. Bg5 Rxc5 20. Qh4 h6 21. Bxe7 Qxe7 22. Qd4 a5 23. Nd2 Nb6 24. Ne4 Bxe4 25. Qxe4 Rfc8 26. a3 Nc4 27. Bxc4 Rxc4 28. Qf3 Rc2 29. axb4 Qxb4 30. Rf1 Rxb2 31. Qxf7 Rf8 32. Qa7 Rf5 33. Qxa5 Qd4 34. Qa7 Qxa7 35. Rxa7 Rxe5 1/2-1/2

[Event "Tel Aviv ASA"]
[Site "Tel Aviv"]
[Date "1994.??.??"]
[Round "4"]
[White "Shvidler, Eliahu"]
[Black "Bykhovsky, Avigdor"]
[Result "1-0"]
[WhiteElo "2420"]
[BlackElo "2460"]
[PlyCount "97"]
[EventDate "1994.04.??"]
[Source "ChessBase"]

1. d4 d5 2. c4 c6 3. Nf3 e6 4. e3 Nd7 5. Nc3 Ngf6 6. Bd3 dxc4 7. Bxc4 b5 8. Bd3 Bb7 9. a3 b4 10. Ne4 Nxe4 11. Bxe4 Nf6 12. Bd3 bxa3 13. bxa3 Ba6 14. Bxa6 Qa5+ 15. Bd2 Qxa6 16. Qe2 Qxe2+ 17. Kxe2 c5 18. Rhc1 Ne4 19. dxc5 Bxc5 20. Bb4 Bxb4 21. axb4 O-O 22. Rc4 Nd6 23. Rc6 Nb5 24. Ra5 Rab8 25. Ne5 Rb7 26. Rc5 Nd6 27. Ra6 Nb5 28. Nc6 Ra8 29. Na5 Rbb8 30. f3 Kf8 31. Kd3 Rd8+ 32. Kc4 Nd6+ 33. Kb3 Rd7 34. Nc6 f6 35. e4 Nb7 36. Rc2 Rd3+ 37. Rc3 Rd2 38. Rxa7 Rxa7 39. Nxa7 Nd8 40. Rc2 Rxc2 41. Kxc2 Ke7 42. Kb3 Kd7 43. Kc4 Nf7 44. Kc5 Ne5 45. Kb6 Nd3 46. b5 Ne1 47. Ka6 Nd3 48. Nc6 e5 49. Ka7 1-0

[Event "RUS Team Ch"]
[Site "Podolsk RUS"]
[Date "1992.??.??"]
[Round "?"]
[White "Ivanov, Sergey"]
[Black "Dragomarezkij, Evgeni"]
[Result "1/2-1/2"]
[WhiteElo "2440"]
[BlackElo "2435"]
[PlyCount "93"]
[EventDate "1992.??.??"]
[Source "www.chesslib.no"]
[SourceDate "2004.05.04"]

1. d4 d5 2. c4 c6 3. Nc3 Nf6 4. e3 e6 5. Nf3 Nbd7 6. Bd3 dxc4 7. Bxc4 c5 8. d5 exd5 9. Nxd5 Nb6 10. Bb5+ Bd7 11. Nxf6+ Qxf6 12. Bxd7+ Nxd7 13. e4 Qc6 14. O-O Be7 15. b4 O-O 16. bxc5 Nxc5 17. Nd4 Qa6 18. Qc2 Rac8 19. Be3 Bf6 20. Rac1 b6 21. Nf5 Na4 22. Qb3 Nc3 23. Ne7+ Bxe7 24. Rxc3 Rxc3 25. Qxc3 Rc8 26. Qb3 Qc4 27. Qxc4 Rxc4 28. Rd1 Kf8 29. Rd4 Rc3 30. Ra4 a5 31. g3 Bc5 32. Bxc5+ Rxc5 33. Rd4 Ke7 34. a4 b5 35. axb5 Rxb5 36. Kg2 Rb7 37. Ra4 Ra7 38. e5 Kd7 39. Kf3 Kc6 40. Ke4 Kb5 41. Ra1 a4 42. f4 Kc5 43. Rc1+ Kb6 44. f5 a3 45. e6 fxe6 46. fxe6 a2 47. Kd5 1/2-1/2

[Event "Moscow Ch Open"]
[Site "Moscow RUS"]
[Date "1995.??.??"]
[Round "7"]
[White "Gavrilov, Alexei"]
[Black "Dragomarezkij, Evgeni"]
[Result "1/2-1/2"]
[WhiteElo "2405"]
[BlackElo "2465"]
[PlyCount "76"]
[EventDate "1995.??.??"]
[Source "www.chesslib.no"]
[SourceDate "2004.05.04"]

1. d4 d5 2. c4 c6 3. e3 Nf6 4. Nc3 e6 5. Nf3 Nbd7 6. Bd3 dxc4 7. Bxc4 c5 8. O-O cxd4 9. exd4 Be7 10. Bb3 O-O 11. Re1 Nb6 12. Ne5 Bd7 13. Re3 Bc6 14. Rh3 Nbd5 15. Bc2 g6 16. Bh6 Re8 17. Bb3 Rc8 18. Rc1 Nd7 19. Nxd5 exd5 20. Qd2 Bf6 21. Ng4 Re4 22. Nxf6+ Qxf6 23. Rf3 Qe6 24. Re3 Rxe3 25. Qxe3 Qxe3 26. Bxe3 Re8 27. Bc2 f6 28. Re1 Bb5 29. f3 Rc8 30. Bb1 Kf7 31. Kf2 Nf8 32. h4 a5 33. g4 a4 34. h5 Bc4 35. Rc1 Rc6 36. Rd1 Rb6 37. Rd2 Ne6 38. hxg6+ hxg6 1/2-1/2

[Event "TCh-Vojvodina"]
[Site "Sombor"]
[Date "2004.09.26"]
[Round "2"]
[White "Popov, Sinisa S"]
[Black "Perisic, Radivoj"]
[Result "1/2-1/2"]
[WhiteElo "2459"]
[BlackElo "2402"]
[PlyCount "161"]
[EventDate "2004.09.25"]
[Source "Roberto Alvarez"]
[SourceDate "2004.10.05"]

1. d4 d5 2. c4 c6 3. Nc3 Nf6 4. Nf3 e6 5. e3 Nbd7 6. Bd3 dxc4 7. Bxc4 a6 8. O-O b5 9. Be2 Bb7 10. e4 c5 11. e5 cxd4 12. Qxd4 Bc5 13. Qh4 Ne4 14. Qg4 Nxc3 15. bxc3 g6 16. Bh6 Qc7 17. Qf4 Qc6 18. a4 bxa4 19. Rxa4 Nb6 20. Qf6 Rf8 21. Bxf8 Nxa4 22. Bd6 Bxd6 23. exd6 Qxd6 24. Rd1 Qe7 25. Qh8+ Qf8 26. Qd4 Nc5 27. Ng5 Qe7 28. Qh8+ Qf8 29. Qxh7 Rc8 30. h4 Ke7 31. h5 Qg8 32. hxg6 Qxh7 33. gxh7 f6 34. Nh3 Rh8 35. Nf4 Rxh7 36. f3 Rg7 37. Kf2 Rg8 38. Bc4 Rc8 39. Rb1 Rc7 40. Rb6 Rc6 41. Rb1 Bc8 42. Re1 Na4 43. Bd5 Rb6 44. c4 Rb2+ 45. Kg3 Nc5 46. Bc6 Kd6 47. Be8 Rc2 48. Rd1+ Ke7 49. Bh5 Bd7 50. Ng6+ Kd8 51. Nf8 Kc7 52. Bf7 Bc8 53. Nh7 f5 54. Nf6 Rxc4 55. Ne8+ Kb8 56. Rb1+ Nb7 57. Nd6 Rc6 58. Nxc8 Kxc8 59. Kf4 Kc7 60. g4 fxg4 61. fxg4 Rc4+ 62. Kg3 Nc5 63. Kh4 Kd6 64. Kh5 Ke7 65. Bg6 a5 66. Rb5 a4 67. Ra5 Rc3 68. Ra7+ Kd6 69. g5 Rh3+ 70. Kg4 Rb3 71. Be8 Rb8 72. Bf7 Rb7 73. Rxb7 Nxb7 74. Bg6 a3 75. Bb1 Nc5 76. Kh5 Ne4 77. g6 Nf6+ 78. Kh6 Ke7 79. Kg5 Ne8 80. Ba2 Ng7 81. Bb3 1/2-1/2

[Event "JUG-ch Podgorica"]
[Site "Podgorica"]
[Date "1996.??.??"]
[Round "3"]
[White "Blagojevic, Dragisa"]
[Black "Karaklajic, Nikola"]
[Result "1-0"]
[WhiteElo "2450"]
[BlackElo "2400"]
[PlyCount "125"]
[EventDate "1996.02.??"]
[Source "ChessBase"]

1. d4 d5 2. c4 e6 3. Nf3 Nf6 4. Nc3 c6 5. e3 Nbd7 6. Bd3 dxc4 7. Bxc4 a6 8. a4 b5 9. axb5 Nb6 10. Bd3 cxb5 11. e4 Bb7 12. Qe2 Be7 13. O-O h6 14. Bf4 Rc8 15. h3 g5 16. Bg3 Rg8 17. Rfd1 Nh5 18. Bh2 Nf4 19. Bxf4 gxf4 20. Ne5 Bf6 21. Bxb5+ Kf8 22. Qh5 Bxe5 23. dxe5 Qg5 24. Qxg5 Rxg5 25. Rd6 Nc4 26. Bxc4 Rxc4 27. f3 Rb4 28. Ne2 Rxe5 29. Nxf4 Reb5 30. Nd3 Ke7 31. Nxb4 Kxd6 32. Nd3 a5 33. Rd1 Ke7 34. Kf2 Ba6 35. Rd2 a4 36. h4 a3 37. bxa3 Rb3 38. Nc5 Rxa3 39. Rd7+ Kf8 40. Ra7 Ra2+ 41. Kg3 Bc4 42. Rxa2 Bxa2 43. e5 Bd5 44. Nd7+ Kg7 45. Nf6 Bc6 46. Kf4 Kg6 47. g4 Kg7 48. Ke3 Ba4 49. Kd4 Bd1 50. f4 Bc2 51. Kc5 Kf8 52. Kd6 Bd3 53. h5 Bc2 54. g5 hxg5 55. fxg5 Bd3 56. h6 Bc2 57. Nd7+ Kg8 58. Ke7 Bg6 59. Kf6 Bh5 60. Nb6 Kh7 61. Nc8 Kg8 62. Nd6 Bg6 63. Nxf7 1-0